Les contrats en Droit Anglais.
Gardado en:
| Autor Principal: | |
|---|---|
| Outros autores: | |
| Formato: | Libro |
| Publicado: |
Paris, France:
Librairie Générale de Droit et de Jurisprudence, R. Pichon et R. Durand-Auzias,
1973.
|
| Subjects: | |
| Tags: |
Engadir etiqueta
Sen Etiquetas, Sexa o primeiro en etiquetar este rexistro!
|
MARC
| LEADER | 00000nam a22000007a 4500 | ||
|---|---|---|---|
| 003 | CL-VaPUC | ||
| 005 | 20231031162250.0 | ||
| 008 | 231020t1973 ||||| |||| 00| 0 eng d | ||
| 999 | |c 442149 |d 442147 | ||
| 040 | |c Pontificia Universidad Católica de Valparaíso | ||
| 082 | |2 22 |a 346.4102 DAV 1973 | ||
| 100 | 1 | |a David, René |e auteur |9 387396 | |
| 245 | 1 | 4 | |a Les contrats en Droit Anglais. |
| 260 | |a Paris, France: |b Librairie Générale de Droit et de Jurisprudence, R. Pichon et R. Durand-Auzias, |c 1973. | ||
| 300 | |a 472 páginas. | ||
| 500 | |a c.1 Donación Jorge López Santa María. Memo 039. 2023 | ||
| 583 | |c 20231020 |k Catalogador Asistente | ||
| 650 | 1 | |a Derecho contractual |z Gran Bretaña |9 885323 | |
| 650 | 1 | |a Derecho civil inglés |9 449907 | |
| 650 | 1 | |a Derecho de los contratos |9 885324 | |
| 700 | |a Grivart de Kerstrat, Françoise |9 885252 | ||
| 942 | |2 ddc |c BK | ||
| 952 | |0 0 |1 0 |2 ddc |4 0 |6 346_410200000000000_DAV_1973 |7 0 |8 A |9 592052 |a BIBDER |b BIBDER |d 2023-10-20 |e Donación |i 5659105 |o 346.4102 DAV 1973 |p 5659105 |r 2023-10-20 |t 1 |w 2023-10-20 |y BK |k DER | ||